Normal view
MARC view
- تأليف القرطاجني، أبي الحسن حازم؛ تقديم وتحقيق محمد الحبيب ابن الخوجة
Entry Personal Name
001 - CONTROL NUMBER
- control field: 11536
003 - CONTROL NUMBER IDENTIFIER
- control field: JO-AjAnu
005 - DATE AND TIME OF LATEST TRANSACTION
- control field: 20230606072142.0
008 - FIXED-LENGTH DATA ELEMENTS
- fixed length control field: 230606|| aca||aabn | a|a d
040 ## - CATALOGING SOURCE
- Original cataloging agency: JO-AjAnu
- Transcribing agency: JO-AjAnu
100 ## - HEADING--PERSONAL NAME
- Personal name: تأليف القرطاجني، أبي الحسن حازم؛ تقديم وتحقيق محمد الحبيب ابن الخوجة
670 ## - SOURCE DATA FOUND
- Source citation: Work cat.: (JO-AjAnu)5943: تأليف القرطاجني، أبي الحسن حازم؛ تقديم وتحقيق محمد الحبيب ابن الخوجة, author, منهاج البلغاء وسراج الإدباء